| 000 | 00608nam a2200217 i 4500 | ||
|---|---|---|---|
| 001 | bg | ||
| 245 | 0 | 0 |
_aSposób na pieniądz / _cpod red. Iwony Staniec ; [aut. Artut Bednarek et al.]. |
| 260 |
_aŁódź : _bPolitechnika Łódzka, _c2006. |
||
| 300 |
_a192 s. : _bwykr. ; _c24 cm. |
||
| 504 | _aBibliogr. przy rozdz. | ||
| 650 | 9 |
_aInwestycje _xfinanse |
|
| 700 | 1 |
_aSTANIEC, Iwona. _eRed. |
|
| 700 | 1 | _aBEDNAREK, Artur | |
| 020 | _a8385399542 | ||
| 040 | _cBPK | ||
| 041 | 0 | _apol | |
| 080 | _a330.322:336.76 | ||
| 920 | _a83-85399-54-2 | ||
| 942 | _cKS | ||
| 008 | s pl f |000 0 pol | ||
| 999 |
_c52598 _d52598 |
||
| 856 |
_uhttp://koha.tu.koszalin.pl/cgi-bin/koha/opac-detail.pl?biblionumber=52598 _yKatalog online BPK |
||